Country By... - Statistics

General Stats
  • This quiz has been taken 30 times
  • The average score is 19 of 25
Answer Stats
Largest Area % Correct
Brazil
100%
Brazil
100%
Canada
100%
China
100%
Russia
100%
United States of America
100%
India
90%
Norway
87%
Singapore
87%
Australia
83%
Switzerland
80%
Denmark
77%
Germany
73%
Japan
73%
Samoa
73%
Luxembourg
70%
Qatar
70%
Saudi Arabia
70%
Indonesia
67%
Nauru
63%
Tonga
63%
Kuwait
57%
Ireland
53%
Brunei
47%
Saint Kitts and Nevis
20%
No matching quizzes found
Score Distribution
Percent of People with Each Score
Percentile by Number Answered
Your Score History
You have not taken this quiz